00510nam a22001697a 450000500170000001000150001702000260003203500140005803700140007208200060008610000250009224500440011726000410016127000840020230000420028665000120032820180525143104.0 aENG-123101 a9789382711995c399.00 aEN-106633 bDBAD/PUB. aN aPapri Sen Sri Raman. aSong of India /cby Papri Sen Sri Raman a New DelhibVitasta Publishingc2017 a2/15, Ansari Road, Dariyaganj,b New Delhi e110002minfo@vitastapublishing.comv a270p.b22cm(Hb)cmaps; b and w photos afiction